Príbeh rómskeho Rómea a Júlie z Ukrajiny v uliciach Budapešti

Bibliographic Details
Main Author: Prokopčák, Tomáš (Author)
Format: Article
Language:Slovak
PhysicalDescription:Fotogr.
ISSN:1335-440X
Subjects:

MARC

LEADER 00000nab a2200000 a 4500
001 vtls008955550
003 SK-MaSNL
005 20260303070349.0
008 140512c20060221xo dr|p|||||||000 b|slo
015 |a SNBRB2007/03  |2 snkbucl 
038 |a SNKBUCL 
040 |a SNKBUCL  |b slo  |c SNKBUCL  |e AACR2 
041 |a slo 
044 |a xo  |c SK 
080 |a 791.43  |x (439)  |2 2001 
100 1 |a Prokopčák, Tomáš  |4 aut  |9 1033992 
245 1 0 |a Príbeh rómskeho Rómea a Júlie z Ukrajiny v uliciach Budapešti  |c Tomáš Prokopčák 
300 |b Fotogr. 
630 0 7 |a Distrikt! (film)  |2 snkbucl  |9 1067692 
655 7 |a recenzie  |2 snkbucl  |9 21907 
773 0 |t Sme. Práca  |g Roč. 15, č. 43 (21.2.2006)  |x 1335-440X 
773 0 |t Kultúra  |g S. 21 
852 |a SNK  |b KIS3GCP 
958 |a RC 
999 |c 1755023  |d 1756953